| Tag |
First Indicator |
Second Indicator |
Subfields |
| LEADER |
00000cam a22000001a 4500 |
| 001 |
in00002160010 |
| 006 |
m e d # |
| 007 |
cr mn mmmmabba |
| 008 |
880523s1758 nyu s s000 0 eng d |
| 005 |
20260331150919.7 |
| 035 |
|
|
|z w016267
|
| 035 |
|
|
|a MAAR8805231305B
|
| 035 |
|
|
|9 mwa91-37095
|
| 035 |
|
|
|a 325402
|
| 035 |
|
|
|a aas03016267
|
| 040 |
|
|
|a MWA
|c MWA
|e bdrb
|d UtOrBLW
|
| 110 |
1 |
|
|a New York (Colony).
|b Lieutenant Governor (1753-1760 : De Lancey)
|
| 245 |
1 |
0 |
|a By the Honourable James De Lancey, Esq; His Majesty's lieutenant governor and commander in chief, in and over the province of New-York ... A proclamation :
|b Whereas our only refuge in times of public calamity and danger, is in the almighty power, wisdom, and goodness of God ... I have therefore thought fit, by and with the advice of His Majesty's Council, to order and appoint, and I do hereby order and appoint, that Friday the twelfth day of May next, be observed throughout this province, as a day of public humiliation, fasting and prayer ... Given under my hand and seal at arms, at Fort-George, in the city of New-York, the 14th day of April, one thousand seven hundred and fifty eight ...
|
| 264 |
|
3 |
|a [New York] :
|b [Printed by James Parker],
|c [1758]
|
| 300 |
|
|
|a 1 sheet (1 unnumbered page)
|
| 336 |
|
|
|a text
|b txt
|2 rdacontent
|
| 337 |
|
|
|a computer
|b c
|2 rdamedia
|
| 338 |
|
|
|a online resource
|b cr
|2 rdacarrier
|
| 500 |
|
|
|a Signed: James De Lancey. By His Honour's command, Gw. Banyar, depy. secry. God save the King.
|
| 500 |
|
|
|a James Parker was the printer for the state of New York at this time.
|
| 500 |
|
|
|a Royal arms at head of title.
|
| 510 |
4 |
|
|a Bristol
|c B1986
|
| 510 |
4 |
|
|a Shipton & Mooney
|c 40996
|
| 530 |
|
|
|a Microform version available in the Readex Early American Imprints series.
|
| 533 |
|
|
|a Electronic text and image data.
|b [Chester, Vt. :
|c Readex, a division of Newsbank, Inc.,
|d 2002-2004.
|e Includes files in TIFF, GIF and PDF formats with inclusion of keyword searchable text.
|f (Early American imprints. First series ; no. 40996).
|
| 500 |
|
|
|a Electronic resource.
|
| 651 |
|
0 |
|a New York (State)
|x History
|y French and Indian War, 1754-1763.
|
| 655 |
|
7 |
|a Broadsides.
|2 rbgenr
|
| 655 |
|
7 |
|a Fast day proclamations
|y 1758 May 12.
|2 rbgenr
|
| 700 |
1 |
|
|a De Lancey, James,
|d 1703-1760.
|
| 752 |
|
|
|a United States
|b New York
|d New York.
|
| 830 |
|
0 |
|a Early American imprints.
|n Series I,
|p Evans (1639-1800) ;
|v no. 40996.
|
| 856 |
4 |
1 |
|u http://proxy.library.tamu.edu/login?url=https://opac.newsbank.com/select/evans/40996
|y Evans Digital Edition
|t 0
|
| 999 |
|
|
|a MARS
|
| 999 |
f |
f |
|s a5db39ac-b3c0-3cf3-b8dc-0afa73839e15
|i a91ac670-7f4a-3b49-8e84-3b495918e9ec
|t 0
|
| 952 |
f |
f |
|a Texas A&M University
|b College Station
|c Electronic Resources
|s www_evans
|d Available Online
|t 0
|h No information provided
|
| 998 |
f |
f |
|t 0
|l Available Online
|